[Event "Osijek op 12th"]
[Site "Osijek"]
[Date "2019.02.22"]
[Round "3.10"]
[White "Lalic, Kristijan"]
[Black "Tomasic, Dragutin"]
[Result "1-0"]
[WhiteElo "2196"]
[BlackElo "1837"]
[PlyCount "45"]
[EventDate "2019.02.21"]
[EventType "swiss"]
[EventRounds "7"]
[EventCountry "CRO"]
[SourceTitle "EXT 2023"]
[Source "ChessBase"]
[SourceDate "2022.10.05"]
[SourceVersion "1"]
[SourceVersionDate "2022.10.05"]
[SourceQuality "1"]

1. e4 c6 2. d4 d5 3. e5 g6 4. Bd3 e6 5. Ne2 Nd7 6. 0-0 c5 7. c3 Ne7 8. Nd2 Nc6 9. f4 f5 10. exf6 Qxf6 11. Nf3 Bg7 12. Be3 c4 13. Bc2 0-0 14. Qd2 Re8 15. Rf2 Ne7 16. g4 Nf8 17. Ne5 Qh4 18. Rg2 Nc6 19. g5 Bxe5 20. fxe5 h6 21. gxh6 Qh5 22. Nf4 Qxh6 23. Nxg6 1-0

[Event "Bjelovar op"]
[Site "Bjelovar"]
[Date "2018.08.02"]
[Round "2"]
[White "Ivekovic, Bozidar1"]
[Black "Tomasic, Dragutin"]
[Result "1-0"]
[WhiteElo "2369"]
[BlackElo "1869"]
[PlyCount "55"]
[EventDate "2018.08.02"]
[EventType "swiss"]
[EventRounds "7"]
[EventCountry "CRO"]
[SourceTitle "CBM 185 Extra"]
[Source "ChessBase"]
[SourceDate "2018.07.29"]
[SourceVersion "1"]
[SourceVersionDate "2018.07.29"]
[SourceQuality "1"]

1. d4 Nf6 2. c4 e6 3. Nf3 d5 4. g3 Bb4+ 5. Bd2 Be7 6. Bg2 0-0 7. 0-0 c6 8. Qc2 Nbd7 9. cxd5 exd5 10. Nc3 Re8 11. Rab1 Bd6 12. b4 b6 13. Rfe1 Bb7 14. Nh4 a5 15. bxa5 Rxa5 16. e4 dxe4 17. Nxe4 Rd5 18. Nxf6+ Nxf6 19. Rxe8+ Qxe8 20. Rxb6 Qa8 21. Bxd5 Nxd5 22. Rb1 Bc8 23. Nf5 Bf8 24. Ne3 Be6 25. Nxd5 Bxd5 26. Bf4 Qe8 27. Kf1 Qe6 28. Rb8 1-0

[Event "Osijek op 10th"]
[Site "Osijek"]
[Date "2017.02.26"]
[Round "7"]
[White "Franc, Borna"]
[Black "Tomasic, Dragutin"]
[Result "0-1"]
[WhiteElo "1619"]
[BlackElo "1843"]
[PlyCount "102"]
[EventDate "2017.02.23"]
[EventType "swiss"]
[EventRounds "7"]
[EventCountry "CRO"]
[SourceTitle "EXT 2019"]
[Source "ChessBase"]
[SourceDate "2018.10.10"]
[SourceVersion "1"]
[SourceVersionDate "2018.10.10"]
[SourceQuality "1"]

1. e4 c5 2. Nf3 a6 3. c3 Nf6 4. e5 Nd5 5. d4 cxd4 6. cxd4 d6 7. Be2 Nc6 8. 0-0 e6 9. Nc3 dxe5 10. dxe5 Nxc3 11. Qxd8+ Nxd8 12. bxc3 Bd7 13. Be3 Rc8 14. Rac1 Ba3 15. Rc2 Ba4 16. Rd2 Rxc3 17. Bg5 Nc6 18. Rd3 Rxd3 19. Bxd3 h6 20. Bd2 Ke7 21. Rb1 b5 22. Be4 Rc8 23. Kf1 g5 24. h3 Kd7 25. Ke2 Rb8 26. Kd3 b4 27. Kc4 Bb5+ 28. Kb3 Na5+ 29. Kc2 Bc4 30. Rd1 Kc7 31. Ra1 Rd8 32. Be1 Kb6 33. Nd2 Be2 34. Nb3 Nc4 35. Rb1 a5 36. f4 a4 37. Bf2+ Kc7 38. Nd4 Kc8 39. g3 gxf4 40. gxf4 Bh5 41. Kd3 Nb2+ 42. Kc2 Nc4 43. Kd3 Nb6 44. Kc2 Nd5 45. Nc6 Rd7 46. Bxd5 Bg6+ 47. Kd1 Bxb1 48. Ke2 exd5 49. Bb6 Bxa2 50. f5 Rb7 51. Bc5 Rc7 0-1

[Event "CRO-chT"]
[Site "Bol"]
[Date "2014.05.17"]
[Round "5.13"]
[White "Havas, Juraj"]
[Black "Tomasic, Dragutin"]
[Result "1-0"]
[WhiteElo "2058"]
[BlackElo "1970"]
[PlyCount "165"]
[EventDate "2014.05.14"]
[EventType "team-swiss"]
[EventRounds "6"]
[EventCountry "CRO"]
[SourceTitle "CBM 160 Extra"]
[Source "ChessBase"]
[SourceDate "2014.07.01"]
[SourceVersion "1"]
[SourceVersionDate "2014.07.01"]
[SourceQuality "1"]
[WhiteTeam "Mihovljan Sloboda"]
[BlackTeam "Knezevi Vinogradi"]
[WhiteTeamCountry "CRO"]
[BlackTeamCountry "CRO"]

1. Nf3 Nf6 2. d4 d5 3. g3 e6 4. c4 Nbd7 5. Qc2 Ne4 6. Bg2 Bb4+ 7. Nbd2 Nxd2 8. Bxd2 Bxd2+ 9. Nxd2 c6 10. 0-0 Nf6 11. e4 dxe4 12. Nxe4 0-0 13. Rad1 Nxe4 14. Bxe4 f5 15. Bg2 Qf6 16. f4 Rd8 17. Qc3 Bd7 18. Rfe1 Be8 19. Re5 Bf7 20. b4 Rac8 21. a4 a6 22. a5 Qe7 23. Rd2 Rc7 24. Bf3 h5 25. Re1 g5 26. Bg2 g4 27. Rd3 Qf6 28. Re5 h4 29. Qb2 h3 30. Bh1 Qe7 31. Rd2 Qd6 32. Re1 Rcd7 33. Red1 Qc7 34. Qc3 b6 35. axb6 Qxb6 36. c5 Qb7 37. Rb1 Qc8 38. Ra1 Ra7 39. Kf2 Qc7 40. Ra3 Be8 41. Qc4 Qc8 42. Rd1 Bf7 43. Qe2 Qb7 44. Qd2 Rb8 45. Rb1 Qd7 46. Rba1 Qb7 47. Ra4 Be8 48. Qe2 Qd7 49. Qc4 Bf7 50. Qc3 Rba8 51. Ke3 Be8 52. Ra5 Kf7 53. Qc4 Qb7 54. R5a4 Kf6 55. Qc3 Kf7 56. Qc4 Bd7 57. Kd2 Bc8 58. Kc3 Qd7 59. Ra5 Bb7 60. Re1 Rd8 61. Ra2 Bc8 62. Re5 Kf6 63. Qd3 Qe7 64. Ra5 Bb7 65. Qc4 Qd7 66. Re2 Bc8 67. Rd2 Qc7 68. Qe2 Bd7 69. Qe5+ Qxe5 70. dxe5+ Ke7 71. Rd6 Rc8 72. Rd2 Rb8 73. Rda2 Rab7 74. R2a4 Kd8 75. Rxa6 Kc7 76. Ra7 Bc8 77. R4a6 Rxa7 78. Rxa7+ Bb7 79. b5 cxb5 80. c6 Kb6 81. Rxb7+ Rxb7 82. cxb7 Kc7 83. Kb4 1-0

[Event "Osijek-ch op"]
[Site "Osijek"]
[Date "2014.02.20"]
[Round "1"]
[White "Jovanovic, Zoran"]
[Black "Tomasic, Dragutin"]
[Result "1-0"]
[WhiteElo "2535"]
[BlackElo "1965"]
[PlyCount "53"]
[EventDate "2014.02.20"]
[EventType "swiss"]
[EventRounds "7"]
[EventCountry "CRO"]
[SourceTitle "CBM 159 Extra"]
[Source "ChessBase"]
[SourceDate "2014.04.24"]
[SourceVersion "1"]
[SourceVersionDate "2014.04.24"]
[SourceQuality "1"]

1. e4 d6 2. d4 Nf6 3. Nc3 g6 4. f4 Bg7 5. Nf3 0-0 6. e5 dxe5 7. fxe5 Nd5 8. Bc4 c6 9. 0-0 Be6 10. Bb3 h6 11. Ne4 Na6 12. Qe1 Ndb4 13. Bxe6 fxe6 14. Qg3 Kh7 15. c3 Qd5 16. Qh4 Nc2 17. Rb1 Rae8 18. Bg5 Rxf3 19. Rxf3 Nxd4 20. cxd4 Qxd4+ 21. Kh1 Qxe5 22. Rbf1 Nc5 23. Nxc5 Qxc5 24. Bxh6 Qh5 25. Qxh5 gxh5 26. Bxg7 Kxg7 27. h4 1-0

[Event "Podturen Mavrin Memorial"]
[Site "Podturen"]
[Date "2013.01.06"]
[Round "7"]
[White "Tomasic, Dragutin"]
[Black "Turk, Vesna"]
[Result "0-1"]
[WhiteElo "2017"]
[BlackElo "1715"]
[PlyCount "120"]
[EventDate "2013.01.03"]
[EventType "swiss"]
[EventRounds "7"]
[EventCountry "CRO"]
[SourceTitle "CBM 152 Extra"]
[Source "ChessBase"]
[SourceDate "2013.02.25"]
[SourceVersion "1"]
[SourceVersionDate "2013.02.25"]
[SourceQuality "1"]

1. Nf3 d5 2. g3 Nf6 3. Bg2 Bf5 4. c4 c6 5. cxd5 Nxd5 6. 0-0 e6 7. d3 Bg6 8. a3 Be7 9. Nbd2 Nf6 10. Nc4 0-0 11. h3 h6 12. Qb3 Qc8 13. Na5 b6 14. Nc4 Nd5 15. Nce5 Bh7 16. e4 Nf6 17. Be3 c5 18. Rac1 Qe8 19. Rfd1 Nfd7 20. Nc4 Nc6 21. e5 Qb8 22. Nfd2 Qc7 23. f4 Rad8 24. Ne4 Bxe4 25. dxe4 Ndb8 26. Kh2 Rxd1 27. Rxd1 Rd8 28. Rd3 Rxd3 29. Qxd3 b5 30. Nd6 c4 31. Nxb5 cxd3 32. Nxc7 g5 33. Bf1 Nd7 34. Bxd3 Bc5 35. Bxc5 Nxc5 36. Bb1 Nd4 37. b4 Na4 38. Kg2 gxf4 39. gxf4 Ne2 40. Kf3 Nac3 41. Bd3 Nc1 42. Bc4 Nb1 43. Kg4 Nxa3 44. Ba6 Nb3 45. f5 Nd4 46. Kf4 Kf8 47. Bd3 Ke7 48. Na6 Nc6 49. h4 Kd8 50. Be2 Nc2 51. b5 N6d4 52. Bh5 Ke7 53. f6+ Kf8 54. Nc7 Na3 55. Bg4 Naxb5 56. Na6 Nc6 57. Be2 Nbd4 58. Bd1 Na5 59. Nc5 Nc4 60. Nd7+ Kg8 0-1

[Event "Podturen Mavrin Memorial"]
[Site "Podturen"]
[Date "2013.01.05"]
[Round "4"]
[White "Ivancic, Dario"]
[Black "Tomasic, Dragutin"]
[Result "1/2-1/2"]
[WhiteElo "1717"]
[BlackElo "2017"]
[PlyCount "126"]
[EventDate "2013.01.03"]
[EventType "swiss"]
[EventRounds "7"]
[EventCountry "CRO"]
[SourceTitle "CBM 152 Extra"]
[Source "ChessBase"]
[SourceDate "2013.02.25"]
[SourceVersion "1"]
[SourceVersionDate "2013.02.25"]
[SourceQuality "1"]

1. b3 d5 2. Bb2 Nf6 3. Nf3 Bf5 4. e3 e6 5. c4 c6 6. Be2 Nbd7 7. 0-0 Be7 8. d4 0-0 9. Bd3 Bg4 10. Be2 Re8 11. Qc2 Rc8 12. Nc3 Bh5 13. Rac1 Bd6 14. e4 Bf4 15. Rcd1 Bg6 16. Bd3 dxe4 17. Nxe4 Nxe4 18. Bxe4 f5 19. Bd3 Bh5 20. Be2 Qc7 21. g3 Bh6 22. Ne5 Bxe2 23. Qxe2 Nf6 24. Rd3 Rcd8 25. Rfd1 g6 26. f3 Bg7 27. Kg2 Qe7 28. c5 Nd5 29. a3 f4 30. Bc1 g5 31. g4 Qc7 32. Qe4 Bxe5 33. dxe5 Nc3 34. Rxd8 Rxd8 35. Rxd8+ Qxd8 36. Qc4 Nd5 37. h4 h6 38. Qe4 Kg7 39. h5 Ne7 40. Qc2 Qd5 41. Bb2 a6 42. Kf2 Qd8 43. a4 Qe8 44. Qd2 Nd5 45. Ke2 Qe7 46. Qc2 Qf7 47. Qd2 Kf8 48. Qc2 Kg8 49. Qe4 Qh7 50. Qxh7+ Kxh7 51. Kd3 Kg7 52. Bc3 Kf7 53. Ba5 Ke7 54. Bb6 Kd7 55. Ba5 Kc8 56. Bb6 Ne3 57. Ba5 Kd7 58. Bd2 Nd5 59. Ba5 Kc8 60. Bb6 Nb4+ 61. Kc3 Nd5+ 62. Kd3 Ne7 63. Ba5 Kd7 1/2-1/2

[Event "Podturen Mavrin Memorial"]
[Site "Podturen"]
[Date "2013.01.04"]
[Round "3"]
[White "Tomasic, Dragutin"]
[Black "Trbojevic, Mladen"]
[Result "0-1"]
[WhiteElo "2017"]
[BlackElo "2327"]
[PlyCount "74"]
[EventDate "2013.01.03"]
[EventType "swiss"]
[EventRounds "7"]
[EventCountry "CRO"]
[SourceTitle "CBM 152 Extra"]
[Source "ChessBase"]
[SourceDate "2013.02.25"]
[SourceVersion "1"]
[SourceVersionDate "2013.02.25"]
[SourceQuality "1"]

1. e4 Nc6 2. g3 e5 3. Bg2 Nf6 4. Nc3 Bc5 5. Nge2 0-0 6. 0-0 a6 7. d3 d6 8. h3 Be6 9. Be3 Nd4 10. Bxd4 exd4 11. Na4 Ba7 12. b3 Qc8 13. Kh2 Ne8 14. c4 c6 15. Rc1 b5 16. Nb2 Bc5 17. Qd2 Qd8 18. b4 Bb6 19. a4 c5 20. cxb5 axb5 21. a5 Ba7 22. e5 Rc8 23. exd6 Qxd6 24. bxc5 Rxc5 25. Rxc5 Bxc5 26. Ra1 Bd5 27. Bxd5 Qxd5 28. Nc1 Nc7 29. Qc2 Na6 30. Qb3 Qc6 31. Na2 Re8 32. Qd1 Qe6 33. Kg2 Ba3 34. Qc2 Rc8 35. Qd2 Qb3 36. Nd1 Rc2 37. Nc1 Qd5+ 0-1

[Event "Podturen Mavrin Memorial"]
[Site "Podturen"]
[Date "2013.01.03"]
[Round "1"]
[White "Tomasic, Dragutin"]
[Black "Skrobar, David"]
[Result "1-0"]
[WhiteElo "2017"]
[BlackElo "1430"]
[PlyCount "55"]
[EventDate "2013.01.03"]
[EventType "swiss"]
[EventRounds "7"]
[EventCountry "CRO"]
[SourceTitle "CBM 152 Extra"]
[Source "ChessBase"]
[SourceDate "2013.02.25"]
[SourceVersion "1"]
[SourceVersionDate "2013.02.25"]
[SourceQuality "1"]

1. e4 c5 2. Nc3 d6 3. Nf3 Nf6 4. d4 cxd4 5. Nxd4 e6 6. g3 Be7 7. Bg2 0-0 8. 0-0 a6 9. a4 Qc7 10. h3 Nc6 11. Nde2 d5 12. exd5 exd5 13. Nf4 Bc5 14. Ncxd5 Nxd5 15. Qxd5 Ba7 16. c3 Bd7 17. a5 Rad8 18. Nh5 Bg4 19. Qg5 Bxh5 20. Bf4 Qe7 21. Qxh5 Rfe8 22. Bf3 Ne5 23. Bxe5 Qxe5 24. Qxe5 Rxe5 25. Kg2 Rd2 26. Rad1 Rxd1 27. Rxd1 Kf8 28. Rd7 1-0

[Event "HUN-chT2 Asztalos 1112"]
[Site "Hungary"]
[Date "2012.02.19"]
[Round "6.3"]
[White "Kiss, Tamas B"]
[Black "Tomasic, Dragutin"]
[Result "0-1"]
[WhiteElo "1946"]
[BlackElo "2039"]
[PlyCount "96"]
[EventDate "2011.09.25"]
[EventType "team-tourn"]
[EventRounds "11"]
[EventCountry "HUN"]
[SourceTitle "EXT 2013"]
[Source "ChessBase"]
[SourceDate "2012.11.22"]
[SourceVersion "1"]
[SourceVersionDate "2012.11.22"]
[SourceQuality "1"]
[WhiteTeam "Pecs Karmin"]
[BlackTeam "Mohacs"]
[WhiteTeamCountry "HUN"]
[BlackTeamCountry "HUN"]

1. d4 Nf6 2. c4 e6 3. Nc3 d5 4. Nf3 b6 5. e3 Bb7 6. b3 Nbd7 7. Bd3 c5 8. Bb2 Be7 9. 0-0 0-0 10. Re1 Ne4 11. Nd2 f5 12. f3 Nxc3 13. Bxc3 cxd4 14. exd4 Rf6 15. b4 Rh6 16. Nf1 dxc4 17. Bxc4 Nf8 18. Ne3 Kh8 19. d5 Qc7 20. g3 b5 21. dxe6 bxc4 22. Nxf5 Rg6 23. Be5 Qb6+ 24. Bd4 Qd8 25. Nxe7 Rxe6 26. Nf5 Kg8 27. Bxg7 Qb6+ 28. Qd4 Qxd4+ 29. Bxd4 Bxf3 30. Rxe6 Nxe6 31. Re1 Nxd4 32. Nxd4 Bd5 33. Nb5 Bf7 34. Rc1 Re8 35. Nxa7 Ra8 36. Nc6 Rxa2 37. Ne5 Bd5 38. Nxc4 Rg2+ 39. Kf1 Rxh2 40. Ke1 Rh1+ 41. Kd2 Rxc1 42. Kxc1 Bxc4 43. Kd2 Kf7 44. Kc3 Bb5 45. Kd4 Kf6 46. Kc5 Be2 47. b5 h5 48. b6 Bf3 0-1

[Event "HUN-chT2 Asztalos 0910"]
[Site "Hungary"]
[Date "2010.02.28"]
[Round "7"]
[White "Kele, Janos"]
[Black "Tomasic, Dragutin"]
[Result "1-0"]
[WhiteElo "2103"]
[BlackElo "2029"]
[PlyCount "156"]
[EventDate "2009.11.08"]
[EventType "team-tourn"]
[EventRounds "11"]
[EventCountry "HUN"]
[SourceTitle "EXT 2011"]
[Source "ChessBase"]
[SourceDate "2010.11.26"]
[SourceVersion "1"]
[SourceVersionDate "2010.11.26"]
[SourceQuality "1"]
[WhiteTeam "Szenna Pack"]
[BlackTeam "Mohacs"]
[WhiteTeamCountry "HUN"]
[BlackTeamCountry "HUN"]

1. e4 c5 2. Nf3 a6 3. c4 Nc6 4. d4 cxd4 5. Nxd4 Nf6 6. Nc3 e6 7. Nxc6 dxc6 8. Qxd8+ Kxd8 9. Bg5 Be7 10. Rd1+ Ke8 11. Be2 h6 12. Bf4 Nd7 13. 0-0 e5 14. Be3 g5 15. Na4 h5 16. c5 Rb8 17. b4 Nf8 18. Nb6 Be6 19. Nc4 Bxc4 20. Bxc4 Rd8 21. a4 Ne6 22. Rxd8+ Kxd8 23. Bxe6 fxe6 24. b5 cxb5 25. axb5 Kc7 26. c6 axb5 27. cxb7 Kxb7 28. Rb1 Kc6 29. Rc1+ Kb7 30. Rb1 b4 31. Bd2 Kc6 32. Bxb4 Rb8 33. Rc1+ Kd7 34. Bd2 Rc8 35. Rd1 Ke8 36. Be3 Rc4 37. f3 Rc3 38. Kf2 Rc2+ 39. Kg3 Re2 40. Bd2 g4 41. h4 Bc5 42. fxg4 hxg4 43. h5 Kf7 44. Bg5 Bd4 45. Rf1+ Kg7 46. Rf6 Bc3 47. h6+ Kg8 48. Rg6+ Kh8 49. Rg7 Be1+ 50. Kxg4 Rxg2+ 51. Kh5 Bd2 52. Bxd2 Rxd2 53. Kg6 Rg2+ 54. Kf7 Rf2+ 55. Ke7 Rf6 56. Rg5 Rxh6 57. Rxe5 Kg8 58. Rxe6 Rh7+ 59. Ke8 Ra7 60. Rg6+ Kh7 61. Rd6 Ra5 62. Rd5 Ra8+ 63. Kf7 Ra7+ 64. Ke6 Kg6 65. e5 Ra8 66. Rd6 Ra5 67. Ke7+ Kf5 68. e6 Ra7+ 69. Rd7 Ra6 70. Rd5+ Kg6 71. Rd6 Ra7+ 72. Ke8 Ra8+ 73. Rd8 Ra1 74. e7 Kg7 75. Rd5 Ra8+ 76. Kd7 Ra7+ 77. Ke6 Ra6+ 78. Rd6 Ra1 1-0

[Event "HUN-chT2 Asztalos 0910"]
[Site "Hungary"]
[Date "2009.12.06"]
[Round "3"]
[White "Schmeizl, Csaba"]
[Black "Tomasic, Dragutin"]
[Result "0-1"]
[WhiteElo "1904"]
[BlackElo "2029"]
[PlyCount "116"]
[EventDate "2009.11.08"]
[EventType "team-tourn"]
[EventRounds "11"]
[EventCountry "HUN"]
[SourceTitle "EXT 2011"]
[Source "ChessBase"]
[SourceDate "2010.11.26"]
[SourceVersion "1"]
[SourceVersionDate "2010.11.26"]
[SourceQuality "1"]
[WhiteTeam "Siklos"]
[BlackTeam "Mohacs"]
[WhiteTeamCountry "HUN"]
[BlackTeamCountry "HUN"]

1. c4 f5 2. Nf3 Nf6 3. Nc3 g6 4. d4 Bg7 5. g3 0-0 6. Bg2 d6 7. 0-0 c6 8. Re1 Qe8 9. e4 fxe4 10. Nxe4 Nxe4 11. Rxe4 Bf5 12. Re1 Bg4 13. Bf4 Qf7 14. d5 Nd7 15. h3 Bxf3 16. Bxf3 Ne5 17. Be2 cxd5 18. Qxd5 Nc6 19. Bg4 Qxd5 20. cxd5 Ne5 21. Bxe5 Bxe5 22. f4 Bf6 23. Rac1 h5 24. Be6+ Kg7 25. Rc7 Rab8 26. b3 Rfe8 27. Kg2 Kf8 28. g4 hxg4 29. hxg4 Bd4 30. g5 Bb6 31. Rc4 Ba5 32. Re2 b5 33. Rce4 Rb7 34. f5 gxf5 35. Bxf5 Bc3 36. Re6 Be5 37. Bd3 Rc8 38. Bg6 Kg7 39. Bh5 Rh8 40. Rg6+ Kh7 41. Rf2 Rc8 42. Rh6+ Kg7 43. Rf7+ Kg8 44. Rfh7 Bg7 45. Rxg7+ Kxg7 46. Rg6+ Kf8 47. Bg4 Rc2+ 48. Kf3 Kf7 49. Rh6 Kg7 50. Bf5 Rxa2 51. Rh7+ Kf8 52. Be6 Rc7 53. Rf7+ Ke8 54. Rg7 Rc3+ 55. Kg4 Rf2 56. Rg8+ Rf8 57. g6 Rxg8 58. Bxg8 Kf8 0-1

[Event "Osijek OBZ Cup 2nd"]
[Site "Osijek"]
[Date "2009.03.15"]
[Round "4.2"]
[White "Tomasic, Dragutin"]
[Black "Mesko, Andrej"]
[Result "1/2-1/2"]
[WhiteElo "2029"]
[BlackElo "1944"]
[PlyCount "75"]
[EventDate "2009.03.13"]
[EventType "team-tourn"]
[EventRounds "5"]
[EventCountry "CRO"]
[SourceTitle "EXT 2011"]
[Source "ChessBase"]
[SourceDate "2010.11.26"]
[SourceVersion "1"]
[SourceVersionDate "2010.11.26"]
[SourceQuality "1"]

1. e4 e6 2. d4 d5 3. Nd2 Nf6 4. e5 Nfd7 5. Bd3 c5 6. c3 Nc6 7. Ne2 Qb6 8. Nf3 Be7 9. 0-0 cxd4 10. cxd4 f6 11. exf6 gxf6 12. a3 e5 13. Nc3 Nxd4 14. Nxd5 Qd6 15. Nxe7 Kxe7 16. Bd2 a5 17. Bc3 Nxf3+ 18. Qxf3 Nc5 19. Bc4 Be6 20. Rad1 Qc6 21. Qxc6 bxc6 22. Bxe6 Kxe6 23. f4 Na4 24. Rf3 Rad8 25. Rxd8 Rxd8 26. Kf2 Nxc3 27. f5+ Kf7 28. Rxc3 Rd2+ 29. Kf3 Rxb2 30. h4 a4 31. Rxc6 Rb3+ 32. Ke4 Rxa3 33. Rc7+ Kg8 34. Kd5 Rb3 35. Ra7 a3 36. g4 h6 37. Ke6 Rb6+ 38. Kd5 1/2-1/2